British Soap Awards Quiz Stats

 Plays Quiz Retired Jul 7, 2021

Support Sporcle.
Go Orange.
Score 0/32 Timer 04:00
0 Plays Today
Year Actor/Actress % Correct
1999Barbara Windsor
88.5%
1999Ross Kemp
85.1%
2006Ross Kemp
85.1%
2004Shane Richie
74.3%
2005Shane Richie
74.3%
2001Martin Kemp
69.6%
2002Martin Kemp
69.6%
2000Patsy Palmer
66.1%
2001Natalie Cassidy
57%
2006Lacey Turner
52.2%
2012Alison King
43.4%
2012Danny Miller
42.3%
2004Suranne Jones
41.8%
2005Suranne Jones
41.8%
2013Alan Halsall
36.8%
2014David Neilson
33.8%
Year Actor/Actress % Correct
2008Chris Fountain
31.2%
2007Kate Ford
31.1%
2014Julie Hesmondhalgh
30.8%
2007Antony Cotton
29.6%
2002Kacey Ainsworth
29%
2003Kacey Ainsworth
29%
2013Claire Cooper
26.3%
2009Katherine Kelly
24.6%
2010Lacey Turner
21.5%
2008Emma Rigby
20.7%
2011Jessie Wallace
19.3%
2003Brian Capron
18.5%
2000Joe Absolom
18%
2009Robert Kazinsky
17.6%
2010Scott Maslen
11.8%
2011Danny Miller
11.6%

From the Vault

Multi-Category Minefield Blitz: Europe

by Thebiguglyalien

Geography 60s
We're pretty sure "Eiffel Tower" isn't a capital city, but you have to figure out the rest of the answers on your own.
Remove Ads.
Support Sporcle.
Get the best of Sporcle when you Go Orange. This ad-free experience offers more features, more stats, and more fun while also helping to support Sporcle. Thank you for becoming a member.

Show Comments

Extras

Top Quizzes Today


Score Distribution

Your Account Isn't Verified!

In order to create a playlist on Sporcle, you need to verify the email address you used during registration. Go to your Sporcle Settings to finish the process.

Report this User

Report this user for behavior that violates our Community Guidelines.

Details: